[Event "EUCC 2023 - U12"]
[Site "Kouty nad Desnou"]
[Date "2023.08.23"]
[Round "8.11"]
[White "Stricova, Julia Nela"]
[Black "Alcantara, Levanah"]
[Result "0-1"]
[BlackElo "1527"]
[WhiteElo "1091"]
[LiveChessVersion "1.4.8"]

1. e4 {[%clk 1:30:54]} e6 {[%clk 1:30:37]} 2. d4 {[%clk 1:31:19]} d5
{[%clk 1:31:02]} 3. exd5 {[%clk 1:31:42]} exd5 {[%clk 1:31:23]} 4. Nf3
{[%clk 1:31:58]} Bg4 {[%clk 1:31:45]} 5. h3 {[%clk 1:31:50]} Bh5 {[%clk 1:31:58]}
6. Be2 {[%clk 1:29:29]} Nc6 {[%clk 1:29:22]} 7. O-O {[%clk 1:28:30]} Bd6
{[%clk 1:24:22]} 8. Re1 {[%clk 1:26:53]} Nge7 {[%clk 1:23:28]} 9. Be3
{[%clk 1:25:15]} Qd7 {[%clk 1:22:32]} 10. c3 {[%clk 1:23:47]} O-O-O
{[%clk 1:22:03]} 11. b4 {[%clk 1:22:45]} Nf5 {[%clk 1:15:57]} 12. a4
{[%clk 1:19:09]} Nxe3 {[%clk 1:14:23]} 13. fxe3 {[%clk 1:19:28]} Qe7
{[%clk 1:08:38]} 14. Kf2 {[%clk 1:09:49]} Bxf3 {[%clk 0:59:31]} 15. Bxf3
{[%clk 1:08:44]} Qg5 {[%clk 0:58:36]} 16. Kf1 {[%clk 1:06:19]} Ne7
{[%clk 0:51:28]} 17. e4 {[%clk 1:02:58]} dxe4 {[%clk 0:48:42]} 18. Bxe4
{[%clk 1:02:42]} Bg3 {[%clk 0:43:46]} 19. Re2 {[%clk 1:02:08]} Qf4+
{[%clk 0:40:41]} 20. Bf3 {[%clk 1:00:09]} Nf5 {[%clk 0:32:44]} 21. Qd2
{[%clk 0:57:34]} h5 {[%clk 0:30:39]} 22. Qxf4 {[%clk 0:57:46]} Bxf4
{[%clk 0:31:05]} 23. Ke1 {[%clk 0:55:28]} Rhe8 {[%clk 0:28:58]} 24. Na3
{[%clk 0:52:50]} Rxe2+ {[%clk 0:24:48]} 25. Bxe2 {[%clk 0:52:17]} Re8
{[%clk 0:24:06]} 26. Kd1 {[%clk 0:51:52]} Ne3+ {[%clk 0:23:07]} 27. Ke1
{[%clk 0:50:05]} Nxg2+ {[%clk 0:19:37]} 28. Kf2 {[%clk 0:50:13]} Ne3 29. Bxh5
{[%clk 0:50:18]} g6 {[%clk 0:18:16]} 30. Bf3 {[%clk 0:48:55]} Rh8
{[%clk 0:15:26]} 31. Rh1 {[%clk 0:46:31]} g5 {[%clk 0:14:15]} 32. a5
{[%clk 0:43:45]} f5 {[%clk 0:13:00]} 33. b5 {[%clk 0:41:23]} g4 {[%clk 0:12:05]}
34. hxg4 {[%clk 0:40:36]} Rxh1 {[%clk 0:12:27]} 35. Bxh1 {[%clk 0:40:54]} fxg4
{[%clk 0:12:49]} 36. c4 {[%clk 0:39:16]} Nf5 {[%clk 0:10:42]} 37. Nc2
{[%clk 0:37:54]} Nd6 {[%clk 0:10:07]} 38. Na3 {[%clk 0:36:04]} Bc1
{[%clk 0:10:02]} 39. c5 {[%clk 0:36:20]} Bxa3 {[%clk 0:09:45]} 40. cxd6
{[%clk 0:36:39]} Bxd6 {[%clk 0:09:35]} 41. Ke3 {[%clk 0:35:54]} a6
{[%clk 0:06:33]} 42. bxa6 {[%clk 0:34:03]} bxa6 {[%clk 0:07:01]} 43. d5
{[%clk 0:32:49]} g3 {[%clk 0:04:49]} 44. Ke4 {[%clk 0:31:42]} Kb7
{[%clk 0:03:55]} 45. Ke3 {[%clk 0:29:53]} Bb4 {[%clk 0:02:25]} 46. Kf4
{[%clk 0:27:40]} Bxa5 47. d6+ {[%clk 0:26:04]} Kc8 {[%clk 0:01:17]} 48. dxc7
{[%clk 0:26:15]} Bxc7+ {[%clk 0:01:44]} 49. Ke3 {[%clk 0:24:44]} Kd7
{[%clk 0:01:36]} 50. Bd5 {[%clk 0:23:56]} a5 {[%clk 0:01:34]} 51. Bb3
{[%clk 0:23:57]} Kd6 {[%clk 0:01:37]} 52. Kf3 {[%clk 0:23:21]} Kc5
{[%clk 0:01:55]} 53. Ba4 {[%clk 0:23:28]} Kb4 {[%clk 0:02:08]} 54. Bd1
{[%clk 0:23:45]} a4 {[%clk 0:02:22]} 55. Bxa4 {[%clk 0:24:07]} Kxa4
{[%clk 0:02:48]} 56. Ke3 {[%clk 0:24:12]} Kb3 {[%clk 0:03:06]} 57. Ke2
{[%clk 0:24:19]} Kc2 {[%clk 0:03:16]} 58. Ke3 {[%clk 0:23:49]} Kd1
{[%clk 0:03:27]} 59. Kf3 {[%clk 0:23:36]} Ke1 {[%clk 0:03:36]} 60. Kg2
{[%clk 0:23:36]} Ke2 {[%clk 0:04:00]} 61. Kh1 {[%clk 0:23:29]} Kf3
{[%clk 0:04:13]} 62. Kg1 {[%clk 0:23:52]} Bb6+ {[%clk 0:04:23]} 63. Kh1
{[%clk 0:23:45]} g2+ {[%clk 0:04:42]} 64. Kh2 {[%clk 0:24:12]} g1=Q+
{[%clk 0:04:56]} 65. Kh3 {[%clk 0:24:37]} Qh1# {[%clk 0:05:20]} 0-1

[Event "EUCC 2023 - U12"]
[Site "Kouty nad Desnou"]
[Date "2023.08.23"]
[Round "8.12"]
[White "Sensoy, Emir"]
[Black "Janouskova, Eliska"]
[Result "1/2-1/2"]
[BlackElo "1398"]
[WhiteElo "1416"]
[LiveChessVersion "1.4.8"]

1. e4 {[%clk 1:30:58]} c5 {[%clk 1:30:49]} 2. Nf3 {[%clk 1:31:24]} e6
{[%clk 1:31:02]} 3. d4 {[%clk 1:31:49]} cxd4 {[%clk 1:31:28]} 4. Nxd4
{[%clk 1:32:17]} a6 {[%clk 1:31:04]} 5. c4 {[%clk 1:32:24]} Qc7 {[%clk 1:29:39]}
6. Nc3 {[%clk 1:31:45]} Nf6 {[%clk 1:28:00]} 7. a3 {[%clk 1:30:08]} Be7
{[%clk 1:25:01]} 8. Be2 {[%clk 1:28:54]} O-O {[%clk 1:22:21]} 9. O-O
{[%clk 1:29:02]} d6 {[%clk 1:19:45]} 10. Be3 {[%clk 1:25:57]} b6 {[%clk 1:16:17]}
11. Rc1 {[%clk 1:16:31]} Bb7 {[%clk 1:12:26]} 12. Bf3 {[%clk 1:09:36]} Nbd7
{[%clk 1:05:52]} 13. b4 {[%clk 1:02:39]} Ne5 {[%clk 1:03:00]} 14. Be2
{[%clk 0:58:03]} Nxe4 {[%clk 0:56:28]} 15. Nxe4 {[%clk 0:58:05]} Bxe4
{[%clk 0:56:47]} 16. f3 {[%clk 0:55:53]} Bb7 {[%clk 0:53:41]} 17. f4
{[%clk 0:55:16]} Nc6 {[%clk 0:51:04]} 18. f5 {[%clk 0:54:08]} Nxd4
{[%clk 0:48:31]} 19. Qxd4 {[%clk 0:54:09]} exf5 {[%clk 0:41:15]} 20. Rxf5
{[%clk 0:54:08]} Bc8 {[%clk 0:36:46]} 21. Rf3 {[%clk 0:45:03]} Be6
{[%clk 0:32:19]} 22. Rcf1 {[%clk 0:42:56]} f5 {[%clk 0:27:12]} 23. Bf4
{[%clk 0:41:17]} Rad8 {[%clk 0:26:29]} 24. Qe3 {[%clk 0:40:48]} Bf7
{[%clk 0:24:46]} 25. Bd3 {[%clk 0:40:31]} Bg6 {[%clk 0:21:52]} 26. Bg5
{[%clk 0:36:15]} Bxg5 {[%clk 0:19:28]} 27. Qxg5 {[%clk 0:35:40]} d5
{[%clk 0:17:37]} 28. Rf4 {[%clk 0:34:13]} Qb7 {[%clk 0:11:49]} 29. cxd5
{[%clk 0:31:07]} b5 {[%clk 0:11:27]} 30. Bxf5 {[%clk 0:29:53]} Qxd5
{[%clk 0:11:05]} 31. Qg4 {[%clk 0:27:42]} Bxf5 {[%clk 0:10:56]} 32. Rxf5
{[%clk 0:26:50]} Rxf5 {[%clk 0:11:19]} 33. Qxf5 {[%clk 0:26:31]} Qxf5
{[%clk 0:11:23]} 34. Rxf5 {[%clk 0:27:00]} Rd3 {[%clk 0:11:13]} 35. Rf3
{[%clk 0:27:19]} Rxf3 {[%clk 0:11:33]} 36. gxf3 {[%clk 0:27:48]} Kf7
{[%clk 0:09:29]} 37. Kf2 {[%clk 0:28:00]} Ke6 {[%clk 0:08:59]} 38. Ke3
{[%clk 0:28:21]} Ke5 {[%clk 0:03:23]} 39. f4+ {[%clk 0:27:42]} Kf5
{[%clk 0:03:38]} 40. Kd4 {[%clk 0:25:29]} Kxf4 {[%clk 0:04:00]} 41. Kc5
{[%clk 0:25:54]} Kf3 {[%clk 0:04:25]} 42. Kb6 {[%clk 0:26:15]} Kg2
{[%clk 0:04:50]} 43. Kxa6 {[%clk 0:26:40]} Kxh2 {[%clk 0:05:16]} 44. Kxb5
{[%clk 0:27:05]} g5 {[%clk 0:05:26]} 45. Kc6 {[%clk 0:27:25]} g4 {[%clk 0:05:07]}
46. b5 {[%clk 0:27:54]} g3 {[%clk 0:05:31]} 47. b6 {[%clk 0:28:21]} g2
{[%clk 0:05:07]} 48. b7 {[%clk 0:28:50]} g1=Q {[%clk 0:01:53]} 49. b8=Q+
{[%clk 0:29:02]} Kh1 {[%clk 0:02:13]} 50. Qd6 {[%clk 0:21:59]} Qg6 1/2-1/2

[Event "EUCC 2023 - U12"]
[Site "Kouty nad Desnou"]
[Date "2023.08.23"]
[Round "8.13"]
[White "Pop, Maria Olivia"]
[Black "Ben Ayed, Rayen"]
[Result "0-1"]
[BlackElo "1248"]
[WhiteElo "1147"]
[LiveChessVersion "1.4.8"]

1. d4 {[%clk 1:30:58]} d5 {[%clk 1:30:52]} 2. e3 {[%clk 1:31:00]} Bf5
{[%clk 1:31:11]} 3. Nf3 {[%clk 1:30:42]} e6 {[%clk 1:31:32]} 4. Nbd2
{[%clk 1:30:38]} Nf6 {[%clk 1:31:21]} 5. Be2 {[%clk 1:27:47]} c5 {[%clk 1:30:57]}
6. c3 {[%clk 1:28:06]} Nc6 {[%clk 1:30:54]} 7. Nh4 {[%clk 1:23:31]} Bg6
{[%clk 1:29:19]} 8. Nxg6 {[%clk 1:23:51]} hxg6 {[%clk 1:29:37]} 9. Nf3
{[%clk 1:17:01]} c4 {[%clk 1:27:44]} 10. Qa4 {[%clk 1:14:57]} Bd6
{[%clk 1:21:27]} 11. Bd2 {[%clk 1:12:12]} a6 {[%clk 1:20:40]} 12. Qc2
{[%clk 1:09:53]} Ne4 {[%clk 1:18:54]} 13. b3 {[%clk 1:05:00]} b5 {[%clk 1:16:56]}
14. a4 {[%clk 1:00:47]} g5 {[%clk 0:51:24]} 15. Ng1 {[%clk 0:48:40]} Kd7
{[%clk 0:42:05]} 16. bxc4 {[%clk 0:47:14]} bxc4 {[%clk 0:42:17]} 17. Nh3
{[%clk 0:45:46]} Bc7 {[%clk 0:35:28]} 18. Rb1 {[%clk 0:44:46]} Rb8
{[%clk 0:35:26]} 19. Rb2 {[%clk 0:43:44]} f6 {[%clk 0:22:29]} 20. Bf3
{[%clk 0:36:15]} Nd6 {[%clk 0:22:04]} 21. Rxb8 {[%clk 0:34:17]} Qxb8
{[%clk 0:22:30]} 22. e4 {[%clk 0:33:59]} dxe4 {[%clk 0:12:25]} 23. Bxe4
{[%clk 0:34:08]} Qb3 {[%clk 0:12:17]} 24. Bxc6+ {[%clk 0:32:22]} Kxc6
{[%clk 0:12:37]} 25. Qxb3 {[%clk 0:32:41]} cxb3 {[%clk 0:13:01]} 26. Kd1
{[%clk 0:32:45]} b2 {[%clk 0:12:48]} 27. Kc2 {[%clk 0:32:56]} Rb8
{[%clk 0:13:04]} 28. Rb1 {[%clk 0:32:54]} Nc4 {[%clk 0:13:25]} 29. Kd1
{[%clk 0:32:44]} Na3 {[%clk 0:13:35]} 30. g3 {[%clk 0:32:32]} Nxb1
{[%clk 0:13:58]} 31. Ke2 {[%clk 0:32:51]} Na3 {[%clk 0:14:19]} 32. Ke3
{[%clk 0:32:37]} Nc4+ {[%clk 0:14:38]} 33. Ke2 {[%clk 0:32:42]} Nxd2
{[%clk 0:15:01]} 34. Kxd2 {[%clk 0:32:54]} b1=Q {[%clk 0:14:55]} 35. Ke3
{[%clk 0:33:21]} Qe1+ {[%clk 0:14:57]} 36. Kf3 {[%clk 0:33:39]} g4+
{[%clk 0:15:02]} 37. Kxg4 {[%clk 0:33:59]} Qe4+ {[%clk 0:15:23]} 38. f4
{[%clk 0:34:01]} f5+ {[%clk 0:15:46]} 39. Kg5 {[%clk 0:34:01]} Qf3
{[%clk 0:15:52]} 40. Nf2 {[%clk 0:33:46]} Qxf2 {[%clk 0:15:57]} 41. c4
{[%clk 0:34:11]} Qf3 {[%clk 0:16:01]} 42. h3 {[%clk 0:34:27]} Bxf4+
{[%clk 0:15:59]} 43. gxf4 {[%clk 0:34:27]} Qg3+ {[%clk 0:16:22]} 44. Kh5
{[%clk 0:34:41]} Rh8# {[%clk 0:16:51]} 0-1

[Event "EUCC 2023 - U12"]
[Site "Kouty nad Desnou"]
[Date "2023.08.23"]
[Round "8.15"]
[White "Lottiau, Nathan"]
[Black "Peglau, Lorena"]
[Result "1-0"]
[BlackElo "1178"]
[WhiteElo "1025"]
[LiveChessVersion "1.4.8"]

1. e4 {[%clk 1:30:58]} c5 {[%clk 1:30:54]} 2. d4 {[%clk 1:31:20]} cxd4
{[%clk 1:31:19]} 3. c3 {[%clk 1:31:42]} d3 {[%clk 1:31:42]} 4. Bxd3
{[%clk 1:31:08]} Nc6 {[%clk 1:31:56]} 5. Nf3 {[%clk 1:28:58]} e6 {[%clk 1:31:35]}
6. O-O {[%clk 1:28:22]} Nge7 {[%clk 1:30:43]} 7. Bf4 {[%clk 1:26:48]} Ng6
{[%clk 1:30:47]} 8. Bg3 {[%clk 1:24:14]} Be7 {[%clk 1:29:44]} 9. Bc4
{[%clk 1:19:13]} b6 {[%clk 1:27:26]} 10. Re1 {[%clk 1:18:17]} Bb7
{[%clk 1:25:34]} 11. Nbd2 {[%clk 1:15:51]} Nh4 {[%clk 1:20:23]} 12. Nb3
{[%clk 1:13:09]} a6 {[%clk 1:17:56]} 13. a4 {[%clk 1:10:58]} O-O {[%clk 1:14:01]}
14. Qd3 {[%clk 1:10:23]} Nxf3+ {[%clk 1:05:23]} 15. Qxf3 {[%clk 1:10:35]} Bh4
{[%clk 1:05:18]} 16. Rad1 {[%clk 1:09:39]} Bxg3 {[%clk 1:04:40]} 17. Qxg3
{[%clk 1:09:55]} Qe7 {[%clk 1:04:06]} 18. Qd6 {[%clk 1:08:25]} Qxd6
{[%clk 1:00:21]} 19. Rxd6 {[%clk 1:08:34]} Ne5 {[%clk 0:57:36]} 20. Rxb6
{[%clk 1:07:03]} Nxc4 {[%clk 0:57:31]} 21. Rxb7 {[%clk 1:07:22]} Nxb2
{[%clk 0:57:44]} 22. Rxd7 {[%clk 1:06:59]} Nxa4 {[%clk 0:53:15]} 23. Rc1
{[%clk 1:06:35]} Rfc8 {[%clk 0:51:28]} 24. c4 {[%clk 1:06:31]} Nc5
{[%clk 0:49:47]} 25. Nxc5 {[%clk 1:05:52]} Rxc5 {[%clk 0:50:11]} 26. f4
{[%clk 1:05:41]} g6 {[%clk 0:49:30]} 27. Kf2 {[%clk 1:05:43]} a5 {[%clk 0:49:50]}
28. Ke3 {[%clk 1:05:56]} a4 {[%clk 0:48:39]} 29. Kd4 {[%clk 1:06:08]} Rca5
{[%clk 0:48:48]} 30. Ra1 {[%clk 1:06:13]} R5a7 {[%clk 0:45:21]} 31. Rxa7
{[%clk 1:05:59]} Rxa7 {[%clk 0:45:47]} 32. Kc3 {[%clk 1:06:18]} Kf8
{[%clk 0:44:41]} 33. Kb4 {[%clk 1:06:30]} Rb7+ {[%clk 0:44:41]} 34. Kc5
{[%clk 1:06:18]} Rc7+ {[%clk 0:41:38]} 35. Kb5 {[%clk 1:06:36]} Rb7+
{[%clk 0:41:33]} 36. Kc5 {[%clk 1:06:59]} Rb2 {[%clk 0:34:24]} 37. Rxa4
{[%clk 1:06:58]} Rxg2 {[%clk 0:34:42]} 38. h3 {[%clk 1:06:56]} Ke8
{[%clk 0:34:46]} 39. Kd6 {[%clk 1:07:13]} Rd2+ {[%clk 0:35:03]} 40. Ke5
{[%clk 1:07:16]} Ke7 {[%clk 0:34:39]} 41. Ra7+ {[%clk 1:07:22]} Rd7
{[%clk 0:35:02]} 42. Rxd7+ {[%clk 1:07:28]} Kxd7 {[%clk 0:35:23]} 43. Kf6
{[%clk 1:07:53]} h6 {[%clk 0:34:53]} 44. Kxf7 {[%clk 1:08:11]} g5
{[%clk 0:35:02]} 45. fxg5 {[%clk 1:07:10]} hxg5 {[%clk 0:35:04]} 46. Kf6
{[%clk 1:07:25]} Kd6 {[%clk 0:35:22]} 47. c5+ {[%clk 1:07:19]} Kxc5
{[%clk 0:35:35]} 48. Kxe6 {[%clk 1:07:43]} Kd4 {[%clk 0:35:49]} 49. Kf5
{[%clk 1:07:56]} Ke3 {[%clk 0:35:53]} 50. Kxg5 {[%clk 1:08:15]} Kxe4
{[%clk 0:36:16]} 51. h4 {[%clk 1:08:30]} Ke5 {[%clk 0:36:40]} 52. Kg6
{[%clk 1:08:48]} Ke6 {[%clk 0:36:53]} 53. Kg7 {[%clk 1:08:28]} Kf5
{[%clk 0:37:13]} 54. h5 {[%clk 1:08:45]} Kg5 {[%clk 0:37:34]} 55. h6
{[%clk 1:09:05]} Kh5 {[%clk 0:37:58]} 56. h7 {[%clk 1:09:25]} Kg5
{[%clk 0:38:12]} 57. h8=Q {[%clk 1:09:46]} Kf5 {[%clk 0:38:35]} 58. Qh6
{[%clk 1:09:55]} Ke5 {[%clk 0:38:55]} 59. Qf6+ {[%clk 1:10:16]} Kd5
{[%clk 0:39:06]} 60. Kf7 {[%clk 1:10:28]} Kc5 {[%clk 0:39:28]} 61. Ke7
{[%clk 1:10:21]} Kb5 {[%clk 0:39:44]} 62. Kd7 {[%clk 1:10:37]} Ka5
{[%clk 0:40:09]} 63. Qc6 {[%clk 1:10:49]} Kb4 {[%clk 0:40:24]} 64. Kd6
{[%clk 1:11:08]} Kb3 {[%clk 0:40:43]} 65. Qc5 {[%clk 1:11:31]} Ka4
{[%clk 0:40:48]} 66. Qb6 {[%clk 1:11:50]} Ka3 {[%clk 0:41:01]} 67. Kd5
{[%clk 1:12:13]} Ka2 {[%clk 0:41:27]} 68. Kc4 {[%clk 1:12:33]} Ka1
{[%clk 0:41:37]} 69. Kc3 {[%clk 1:12:58]} Ka2 {[%clk 0:41:57]} 70. Qb2#
{[%clk 1:13:24]} 1-0